000 00439nam a2200205Ia 4500
001 002254
003 YMCAF
005 20230512160134.0
008 100717s1954 ||||||||||||||||| ||und|d
024 _a2254
035 _a2235
040 _aYMCAF
_beng
_cIN-KoLT
041 _aeng
082 _aSPR-THO
100 _aTHOMAS G FRNES
245 0 _aSPRITNAL LIFE FOR METHODIST CH...
260 _c1954
300 _a96
942 _2ddc
_cBK
999 _c1820
_d1820